Statistics for Answers Containing Jet

Click here to take the quiz!

General Stats

  • This quiz has been taken 29 times
  • The average score is 11 of 15

Answer Stats

HintAnswer% Correct
Quizz websiteJet Punk
96%
A narrow band of high-velocity wind in the upper troposphereJet Stream
96%
A group of wealthy individuals who travel globallyJetset
93%
Hanna Barbera cartoon about a space age familyThe Jetsons
93%
A temporary disruption of bodily rhythms caused by high-speed travel across several time zonesJetlag
89%
To cast overboardJettison
89%
Asian Action heroJet Li
86%
One of the characters on The Beverly Hillbillies or the singer TullJethro
75%
A small, jet-propelled vehicle that skims across the surface of waterJet Ski
75%
A method of printing streams of electrically charged inkInkjet
61%
The other half of flotsamJetsom
61%
A structure that projects into a body of water to influence the current or to protect a shoreline from erosionJetty
57%
A large passenger airplaneJetliner
54%
Various jumps in ballet with one leg thrown outward and forwardJeté
32%
Corridor from an airport terminal to an aircraft that is used for boarding passengersJetway
29%

Score Distribution

Percentile by Number Answered

Percent of People with Each Score

Your Score History

You have not taken this quiz